Movies Quiz

Random Movies or Pixar Quiz

Animated Pixar Characters Quiz Stats

 Plays Quiz Updated Mar 21, 2015

Challenge
Share
Tweet
Score 0/28 Timer 08:00
3 Plays Today
% Correct
Woody
98.5%
Mike Wazowski
96.4%
Buzz Lightyear & Utility Belt Buzz
95.6%
WALL•E
94.5%
Nemo
91.6%
Dory & Squishy
91%
Barbie
89.9%
Ken
88.3%
James P. Sullivan
88.1%
Lightning McQueen
84.5%
EVE
73.8%
Tow Mater
70.3%
Violet Parr
70.2%
Merida
67.4%
% Correct
Jack-Jack Parr
66.4%
Dug
65.9%
Remy
63.7%
Randall Boggs
60.3%
Frozone
59.4%
Syndrome
53.2%
Edna Mode
51.7%
Carl Fredricksen
50.2%
Kevin
47.3%
Darla Sherman
46.1%
Russell
42.8%
Peach the Starfish
39.1%
Roz
36.9%
Queen Elinor
32.9%

You're not logged in!

Compare scores with friends on all Sporcle quizzes.
Join for Free
OR
Log In

You Might Also Like...

Show Comments

Extras

Top Quizzes Today


Score Distribution

Your Account Isn't Verified!

In order to create a playlist on Sporcle, you need to verify the email address you used during registration. Go to your Sporcle Settings to finish the process.

Report this User

Report this user for behavior that violates our Community Guidelines.

Details: